| 000 | 00495nam a2200193 a 4500 | ||
|---|---|---|---|
| 001 | 1774864617371 | ||
| 003 | YourLibrary | ||
| 005 | 20260330153038.0 | ||
| 008 | 260330s1995##################000#0#eng## | ||
| 020 | _a9781560248507 | ||
| 082 | 0 | 4 |
_a359.0086642 _bZEE |
| 100 | 1 |
_aZeeland, Steven, _eauthor. |
|
| 245 | 1 | 0 | _aSailors and Sexual Identity : |
| 260 |
_bRoutledge, _c1995. |
||
| 300 | _a296 pages | ||
| 650 | 0 | _aHistory. | |
| 942 | _cENGLISH | ||
| 040 |
_aYourLibrary _beng _cYourLibrary |
||
| 999 |
_c618339 _d618339 |
||